[Event "11.offene Senioren SH 2017"]
[Site "Büsum"]
[Date "2017.09.09"]
[Round "2.59"]
[White "Hadlich, Winfried"]
[Black "Schröder, Harm"]
[Result "0-1"]
[WhiteElo "1869"]
[BlackElo "1696"]
[PlyCount "122"]
[EventDate "2017.??.??"]
[WhiteTeam "SV Holstein Quickborn"]
[BlackTeam "SK Union Oldenburg"]

1. d4 d5 2. Nf3 Nf6 3. Bf4 Nc6 4. e3 a6 5. Be2 Bg4 6. Nbd2 e6 7. h3 Bh5 8. c3
Be7 9. Bd3 Bd6 10. Bxd6 Qxd6 11. Qc2 e5 12. dxe5 Nxe5 13. Nxe5 Qxe5 14. g4 Bg6
15. Bxg6 hxg6 16. O-O-O O-O-O 17. Nf3 Qe7 18. Nd4 Ne4 19. Rde1 Ng5 20. h4 Ne4
21. h5 c5 22. Nb3 gxh5 23. gxh5 Nf6 24. Qf5+ Kb8 25. h6 g6 26. Qf4+ Ka8 27.
Nxc5 Nh5 28. Qb4 Qc7 29. Rd1 Qc6 30. Rh4 Nf6 31. Rf4 Nd7 32. Nb3 f5 33. Rh1 d4
34. Rfh4 dxc3 35. bxc3 Ne5 36. Kc2 Qf3 37. Nc5 Ng4 38. Rb1 Qe2+ 39. Kb3 Qb5 40.
Qxb5 axb5 41. Rb2 Rxh6 42. Rxh6 Nxh6 43. Ne6 Rd7 44. Nd4 g5 45. Kb4 f4 46. Nxb5
fxe3 47. fxe3 Rd3 48. Rf2 b6 49. Rf6 Ng4 50. Rxb6 Nxe3 51. Rg6 g4 52. Ka5 Kb7
53. Rb6+ Kc8 54. Ka6 g3 55. Rg6 Nd5 56. a4 Nf4 57. Kb6 Nxg6 58. a5 Rd1 59. a6
Ra1 60. a7 Rxa7 61. Nxa7+ Kd7 0-1

[Event "11.offene Senioren SH 2017"]
[Site "Büsum"]
[Date "2017.09.09"]
[Round "2.60"]
[White "Westphal-Stubbe, Siegbert"]
[Black "Duijker, Bert"]
[Result "0-1"]
[WhiteElo "1722"]
[BlackElo "1868"]
[PlyCount "100"]
[EventDate "2017.??.??"]
[WhiteTeam "SG Plöner See"]
[BlackTeam "ASV Arnhem"]

1. d4 g6 2. c4 Bg7 3. Nc3 d6 4. e4 Nc6 5. Be3 e5 6. d5 Nce7 7. g4 f5 8. gxf5
gxf5 9. Qh5+ Kf8 10. exf5 Bxf5 11. O-O-O Nf6 12. Qe2 Qd7 13. Qd2 h5 14. f3 a6
15. h4 Re8 16. Bh3 Bxh3 17. Nxh3 Nf5 18. Bg5 Nd4 19. Qd3 Qf5 20. Qxf5 Nxf5 21.
Ne4 Nd7 22. Nhf2 Bh6 23. Bxh6+ Rxh6 24. Ng5 Nd4 25. Nfe4 Kg8 26. Rdf1 Rf8 27.
Kd2 c5 28. Rhg1 Kh8 29. Nc3 Rf4 30. Ne2 Nxe2 31. Kxe2 Nf8 32. b3 b6 33. Rh1 Kg7
34. Rfg1 Kh8 35. Rh3 Ng6 36. Rgh1 Nf8 37. a3 b5 38. cxb5 axb5 39. Rg1 Rg6 40.
Rhg3 Rff6 41. Nf7+ Kg7 42. Rxg6+ Nxg6 43. Nd8 Kh6 44. Rh1 Nf4+ 45. Kf2 Nxd5 46.
Nc6 e4 47. Rh3 e3+ 48. Ke1 Nf4 49. Rh2 d5 50. Ne5 d4 0-1

[Event "11.offene Senioren SH 2017"]
[Site "Büsum"]
[Date "2017.09.09"]
[Round "2.61"]
[White "Klüver, Horst"]
[Black "Narr, Irmgard"]
[Result "1-0"]
[WhiteElo "1867"]
[BlackElo "1685"]
[PlyCount "101"]
[EventDate "2017.??.??"]
[WhiteTeam "Itzehoer SV"]
[BlackTeam "SC Mühlhof-Reichelsdorf"]

1. e4 e5 2. Bc4 Be7 3. Nf3 d6 4. O-O Nf6 5. Nc3 O-O 6. d4 exd4 7. Nxd4 Bg4 8.
f3 Bd7 9. Kh1 a6 10. a4 Nc6 11. Be3 Ne5 12. Be2 c5 13. Nb3 Bc6 14. f4 Ng6 15.
Bf3 Qc7 16. Nd5 Bxd5 17. exd5 Rfe8 18. c4 Nd7 19. Qd3 Bf6 20. Bc1 Ndf8 21. g3
a5 22. Nd2 Qd7 23. Ne4 Be7 24. b3 b6 25. Bb2 f6 26. Nf2 Qd8 27. Rae1 Nd7 28. h4
Bf8 29. h5 Rxe1 30. Rxe1 Ne7 31. Be4 h6 32. Bh7+ Kh8 33. Re6 Ng8 34. Bg6 Be7
35. Qe2 Qf8 36. Qg4 Rd8 37. Bf5 Qf7 38. Re2 Nf8 39. Bg6 Nxg6 40. hxg6 Qf8 41.
Qe6 Rb8 42. f5 Qc8 43. g4 Qb7 44. Nh3 Qc8 45. Nf4 Qd8 46. Qf7 Bf8 47. Ne6 Qe7
48. Nf4 Qxf7 49. gxf7 Ne7 50. Ng6+ Nxg6 51. fxg6 1-0

[Event "11.offene Senioren SH 2017"]
[Site "Büsum"]
[Date "2017.09.09"]
[Round "2.62"]
[White "Möller, Bernd"]
[Black "Chmielewski, Axel"]
[Result "0-1"]
[WhiteElo "1717"]
[BlackElo "1860"]
[PlyCount "100"]
[EventDate "2017.??.??"]
[WhiteTeam "SV Bad Schwartau"]
[BlackTeam "Volksdorfer SK"]

1. d4 Nf6 2. c4 e6 3. Nc3 d5 4. e3 c5 5. Nf3 Nc6 6. a3 Be7 7. b3 O-O 8. cxd5
exd5 9. Bb2 Bg4 10. Be2 Rc8 11. O-O cxd4 12. Nxd4 Qd7 13. b4 a6 14. h3 Bxe2 15.
Ndxe2 Rfd8 16. Na4 Qf5 17. Rc1 Ne5 18. Nf4 Nc4 19. Qd3 Qd7 20. Qd1 b5 21. Bxf6
Bxf6 22. Nc5 Qc6 23. a4 a5 24. Ncd3 bxa4 25. bxa5 a3 26. Nb4 Qb7 27. Nfxd5 Bb2
28. Qe2 Nxa5 29. Rb1 Rxd5 30. Nxd5 Qxd5 31. Rfd1 Qe6 32. Qd2 Nc6 33. Qe2 h6 34.
Rxb2 axb2 35. Qxb2 Rb8 36. Qa3 Rd8 37. Rc1 Ne5 38. Qa5 Qf6 39. Kf1 Nd3 40. Rc2
Rb8 41. f4 Qg6 42. Rd2 Rb1+ 43. Ke2 Re1+ 44. Kf3 Qc6+ 45. Kg3 Rxe3+ 46. Kh2 Qe4
47. Qd8+ Kh7 48. Rxd3 Rxd3 49. Qc7 Rd2 50. Kg3 Rxg2+ 0-1

[Event "11.offene Senioren SH 2017"]
[Site "Büsum"]
[Date "2017.09.09"]
[Round "2.63"]
[White "Strohbusch, Frank"]
[Black "Möller, Peter"]
[Result "1/2-1/2"]
[WhiteElo "1860"]
[BlackElo "1672"]
[PlyCount "119"]
[EventDate "2017.??.??"]
[WhiteTeam "SK Freising"]
[BlackTeam "ASV Wismar"]

1. e4 d5 2. exd5 Qxd5 3. Nc3 Qa5 4. d4 c6 5. Bc4 Bf5 6. Nf3 e6 7. Bd2 Qc7 8.
Nh4 Bg6 9. Nxg6 hxg6 10. h3 Nf6 11. Qe2 Be7 12. O-O-O O-O 13. g4 Nbd7 14. h4
Nd5 15. Nxd5 cxd5 16. Bd3 Rae8 17. f4 Bd6 18. Qf2 Nf6 19. Rdg1 Ne4 20. Bxe4
dxe4 21. h5 Rc8 22. c3 gxh5 23. gxh5 Be7 24. Qg2 Bf6 25. Qxe4 Rfd8 26. Kb1 Qc6
27. Qd3 Qc4 28. Qxc4 Rxc4 29. b3 Rc6 30. Rc1 Rcd6 31. Be3 a6 32. Rcd1 Rd5 33.
c4 R5d7 34. f5 Bxd4 35. fxe6 fxe6 36. Bg5 Bf6 37. Rxd7 Rxd7 38. Rg1 Bxg5 39.
Rxg5 Kf7 40. Kc2 Kf6 41. Rg2 e5 42. b4 e4 43. Rd2 Rc7 44. Kc3 Ke5 45. Rd5+ Kf4
46. c5 Ke3 47. a4 Kf2 48. Rf5+ Ke2 49. b5 axb5 50. axb5 Rd7 51. c6 bxc6 52.
bxc6 Rc7 53. Rc5 e3 54. Kd4 Kd2 55. Rc3 e2 56. Rd3+ Ke1 57. Kd5 Rf7 58. Kd6 Kf1
59. Re3 Rf6+ 60. Kd7 1/2-1/2

[Event "11.offene Senioren SH 2017"]
[Site "Büsum"]
[Date "2017.09.09"]
[Round "2.64"]
[White "Nowack, Achim"]
[Black "Wölfert, Jürgen"]
[Result "1-0"]
[WhiteElo "1705"]
[BlackElo "1860"]
[PlyCount "81"]
[EventDate "2017.??.??"]
[WhiteTeam "SK Kaltenkirchen"]
[BlackTeam "BSC Rehberge"]

1. e4 e6 2. d4 d5 3. Nc3 Bb4 4. exd5 exd5 5. Nf3 Ne7 6. Bd3 O-O 7. O-O Bg4 8.
Bxh7+ Kh8 9. Bd3 f6 10. h3 Bh5 11. Be2 Bg6 12. Nh4 Bh7 13. Bd3 g6 14. Qg4 Rg8
15. Bh6 Qd7 16. Qf3 Nf5 17. Nxf5 gxf5 18. Qxd5 Qc6 19. Bc4 Bxc3 20. bxc3 Rg6
21. Bf4 Bg8 22. Qxc6 Nxc6 23. Bd3 Bd5 24. f3 Rag8 25. g3 Be6 26. Rfe1 Bd7 27.
Rab1 Nd8 28. Bc4 R8g7 29. Kf2 c6 30. Re2 b5 31. Bb3 a5 32. a3 Nb7 33. Rbe1 c5
34. Bd5 Nd8 35. dxc5 Bc6 36. Bxc6 Nxc6 37. Re6 Nd8 38. Rb6 Rd7 39. Rb8 Kh7 40.
Re8 Nf7 41. c6 1-0

[Event "11.offene Senioren SH 2017"]
[Site "Büsum"]
[Date "2017.09.09"]
[Round "2.65"]
[White "Alvarez, Luis"]
[Black "Hilbig, Klaus"]
[Result "0-1"]
[WhiteElo "1849"]
[BlackElo "1646"]
[PlyCount "108"]
[EventDate "2017.??.??"]
[WhiteTeam "Zug um Zug Everswinkel"]
[BlackTeam "Ahrensburger TSV"]

1. e4 e6 2. d4 d5 3. Nd2 dxe4 4. Nxe4 Nd7 5. Nf3 Ngf6 6. Nxf6+ Nxf6 7. Bd3 Bd7
8. Bf4 Bc6 9. c3 Nd5 10. Bg3 Nf6 11. Qe2 Bxf3 12. Qxf3 Qd5 13. Bxc7 Qxf3 14.
gxf3 Nd5 15. Bg3 h5 16. h4 f5 17. Be5 a6 18. Kd2 b5 19. a3 Rc8 20. Rac1 Nb6 21.
Rce1 Kf7 22. Re2 Be7 23. Bg3 g5 24. hxg5 Bxg5+ 25. f4 Bf6 26. Bh4 Rcg8 27. Bxf6
Kxf6 28. Rh4 Rg2 29. Ke3 Rg1 30. Kf3 Rd1 31. Bc2 Rg1 32. Bb3 Nc4 33. a4 Rg4 34.
Rxg4 fxg4+ 35. Kg3 Kf5 36. Bc2+ Kf6 37. b3 Nd6 38. axb5 Nxb5 39. Re3 Rc8 40. c4
Nxd4 41. Bb1 Rb8 42. Kg2 h4 43. Ba2 h3+ 44. Kh1 Rd8 45. Rd3 Kf5 46. c5 Kxf4 47.
b4 e5 48. Bc4 e4 49. Ra3 Nf3 50. Ra1 Rd2 51. Rf1 g3 52. fxg3+ Kxg3 53. Rxf3+
exf3 54. c6 Rd1+ 0-1

[Event "11.offene Senioren SH 2017"]
[Site "Büsum"]
[Date "2017.09.09"]
[Round "2.66"]
[White "Stratmann, Dietrich"]
[Black "Mewes, Hans-Dieter"]
[Result "0-1"]
[WhiteElo "1682"]
[BlackElo "1845"]
[Annotator "Gemkow,Jan Marten"]
[PlyCount "43"]
[EventDate "2017.??.??"]
[WhiteTeam "SC Northeim"]
[BlackTeam "VHS Heide"]

1. e4 d5 2. exd5 Qxd5 3. Nc3 Qd6 4. Nf3 Nf6 5. d4 a6 6. a4 Bg4 7. Be3 e6 8. h3
Bxf3 9. Qxf3 Nc6 10. Bc4 Be7 11. Bb3 O-O 12. O-O-O Rfd8 13. g4 Qd7 14. g5 Nd5
15. Nxd5 exd5 16. Qg4 Na5 17. Qxd7 Rxd7 18. Ba2 b5 19. Bd2 Nc6 20. c3 Rb8 21.
b4 bxa4 22. Kb2 {Rest nicht rekonstruierbar} 0-1

[Event "11.offene Senioren SH 2017"]
[Site "Büsum"]
[Date "2017.09.09"]
[Round "2.67"]
[White "Ludwig, Richard"]
[Black "Botvinnik, Alexey"]
[Result "0-1"]
[WhiteElo "1662"]
[BlackElo "1836"]
[PlyCount "72"]
[EventDate "2017.??.??"]
[WhiteTeam "SV Irxleben"]
[BlackTeam "SG Porz"]

1. e4 c5 2. c3 e6 3. d4 cxd4 4. cxd4 d5 5. exd5 Qxd5 6. Nc3 Qd8 7. Nf3 Nf6 8.
Be2 Be7 9. O-O O-O 10. Re1 Nc6 11. a3 a6 12. h3 b5 13. b4 Bb7 14. Be3 Nd5 15.
Nxd5 Qxd5 16. Rc1 Rac8 17. Bd3 Na7 18. Be2 Rxc1 19. Qxc1 Rc8 20. Qd2 h6 21. Rc1
Rxc1+ 22. Qxc1 Bd6 23. Bf1 Nc6 24. Qc2 Ne7 25. Bd3 Qh5 26. Be2 Nd5 27. Qd2 Nxe3
28. Qxe3 Qd5 29. Bf1 Bb8 30. Ne5 Qd6 31. f4 Ba7 32. Kh1 Bxd4 33. Qg3 Bb6 34.
Ng4 Qd4 35. Nxh6+ Kf8 36. Qh2 Qd1 0-1

[Event "11.offene Senioren SH 2017"]
[Site "Büsum"]
[Date "2017.09.09"]
[Round "2.68"]
[White "Alicke, Manfred"]
[Black "Langmann, Claus"]
[Result "1/2-1/2"]
[WhiteElo "1646"]
[BlackElo "1834"]
[PlyCount "51"]
[EventDate "2017.??.??"]
[WhiteTeam "SV Grevenbroich"]
[BlackTeam "Hamburger SK"]

1. e4 d5 2. e5 e6 3. d4 c5 4. c3 Nc6 5. Nf3 Qb6 6. Qb3 Qxb3 7. axb3 cxd4 8.
cxd4 Bb4+ 9. Nc3 f6 10. Bb5 Bd7 11. O-O fxe5 12. Bxc6 bxc6 13. Nxe5 Nf6 14. f3
c5 15. Be3 cxd4 16. Bxd4 a5 17. g4 Ke7 18. g5 Nh5 19. f4 Rhf8 20. Nxd7 Kxd7 21.
Be5 Rf7 22. Rf3 Raf8 23. Raf1 Bd6 24. Bxd6 Kxd6 25. Ne2 g6 26. h3 1/2-1/2

[Event "11.offene Senioren SH 2017"]
[Site "Büsum"]
[Date "2017.09.09"]
[Round "2.69"]
[White "Pantel, Heinrich"]
[Black "Gottschalk, Jürgen"]
[Result "1-0"]
[WhiteElo "1834"]
[BlackElo "1639"]
[PlyCount "133"]
[EventDate "2017.??.??"]
[WhiteTeam "SK Kaltenkirchen"]
[BlackTeam "SV Parchim"]

1. Nf3 d5 2. d4 Nc6 3. Bf4 e6 4. e3 a6 5. c4 Nf6 6. Bd3 h6 7. h3 Be7 8. O-O O-O
9. Nc3 dxc4 10. Bxc4 b5 11. Be2 Bd6 12. Bxd6 cxd6 13. Rc1 Bb7 14. a3 Ne7 15.
Rc2 e5 16. dxe5 dxe5 17. Qxd8 Raxd8 18. Nxe5 Nf5 19. Bf3 Bc8 20. Rfc1 Nh4 21.
Rd1 Nxf3+ 22. Nxf3 Rxd1+ 23. Nxd1 Bb7 24. Nd4 Rd8 25. Rc7 Bc8 26. Nc3 Ne8 27.
Rc5 Nd6 28. b3 Bd7 29. h4 Nb7 30. Rc7 Nd6 31. Rc5 Nb7 32. Rd5 Be6 33. Rxd8+
Nxd8 34. Nxe6 Nxe6 35. b4 f5 36. Kf1 g5 37. hxg5 hxg5 38. Ke2 Kf7 39. g3 f4 40.
gxf4 gxf4 41. Nd5 fxe3 42. fxe3 Ke8 43. Kd3 Kd7 44. e4 Kd6 45. Nc3 Ke5 46. Ke3
Nd4 47. Kd3 Nc6 48. Nd5 a5 49. bxa5 Nxa5 50. Nc7 Nb7 51. Nxb5 Nc5+ 52. Kc4 Nxe4
53. a4 Nd6+ 54. Kc5 Nc8 55. a5 Ke6 56. Kc6 Ne7+ 57. Kb7 Kd7 58. Nd4 Nc8 59. a6
Nd6+ 60. Kb8 Nc8 61. Nb5 Nb6 62. Kb7 Nc8 63. Kb8 Nb6 64. a7 Kc6 65. Nd4+ Kc5
66. Kb7 Na8 67. Kxa8 1-0

[Event "11.offene Senioren SH 2017"]
[Site "Büsum"]
[Date "2017.09.09"]
[Round "2.70"]
[White "Jünger, Leonhard"]
[Black "Bierwald, Martin"]
[Result "1-0"]
[WhiteElo "1833"]
[BlackElo "1637"]
[PlyCount "86"]
[EventDate "2017.??.??"]
[WhiteTeam "Aachener SV"]
[BlackTeam "Königsspr. SC"]

1. e4 e6 2. d3 d5 3. Nd2 dxe4 4. dxe4 Nc6 5. Ngf3 e5 6. Bb5 Bd6 7. O-O Nge7 8.
Re1 O-O 9. c3 a6 10. Bc4 h6 11. b4 Ng6 12. Nf1 Re8 13. Ne3 Be6 14. Bxe6 Rxe6
15. Nf5 Nge7 16. g4 Nxf5 17. gxf5 Re8 18. Be3 Be7 19. Qe2 Bd6 20. Kh1 Kh7 21.
Rg1 f6 22. Nh4 Ne7 23. Rg2 Ng8 24. Ng6 Qd7 25. Rag1 Qf7 26. Qh5 Rad8 27. Qg4
Rd7 28. Qe2 Bf8 29. h4 Bd6 30. h5 Bf8 31. Kh2 b5 32. Rg3 Qc4 33. Qf3 Qxa2 34.
Qg2 Qf7 35. Ra1 Ra8 36. Kh3 c6 37. Kh4 Rda7 38. Nxf8+ Qxf8 39. Bxa7 Rxa7 40.
Rd3 Qe7 41. Rad1 Ra8 42. Qg6+ Kh8 43. Rd7 Qe8 1-0

[Event "11.offene Senioren SH 2017"]
[Site "Büsum"]
[Date "2017.09.09"]
[Round "2.71"]
[White "Potschka, Dieter"]
[Black "Berber, Theodor"]
[Result "1-0"]
[WhiteElo "1829"]
[BlackElo "1627"]
[PlyCount "73"]
[EventDate "2017.??.??"]
[WhiteTeam "VfL Geesthacht"]
[BlackTeam "SK Kaltenkirchen"]

1. c4 Nf6 2. Nc3 g6 3. d3 Bg7 4. Nf3 O-O 5. e4 d6 6. Be2 Nbd7 7. O-O b6 8. Bd2
Bb7 9. b4 c5 10. b5 e6 11. Rb1 Qc7 12. Qc1 Rfe8 13. a4 Rac8 14. Ne1 e5 15. Nd1
Ra8 16. Bh6 Bh8 17. f4 exf4 18. Qxf4 Ne5 19. h3 Re6 20. Ne3 Nh5 21. Bxh5 gxh5
22. Qg5+ Rg6 23. Qxh5 Re8 24. Nf5 Ree6 25. Be3 Bg7 26. Bg5 Nxc4 27. Nxg7 Kxg7
28. dxc4 Bxe4 29. Rb3 Rxg5 30. Qxg5+ Rg6 31. Qf4 Ba8 32. Rg3 Qd7 33. Rxg6+ hxg6
34. Qf6+ Kg8 35. Nf3 Bxf3 36. Rxf3 d5 37. Qc6 1-0

[Event "11.offene Senioren SH 2017"]
[Site "Büsum"]
[Date "2017.09.09"]
[Round "2.72"]
[White "Wulf, Adalbert"]
[Black "Jovi, Klaus"]
[Result "1-0"]
[WhiteElo "1823"]
[BlackElo "1608"]
[PlyCount "69"]
[EventDate "2017.??.??"]
[WhiteTeam "SV Ennigerloh-Oelde"]
[BlackTeam "SV Grevenbroich"]

1. d4 Nf6 2. Nc3 g6 3. e4 d6 4. f3 Bg7 5. Be3 O-O 6. Qd2 Nbd7 7. g4 e5 8. d5 a6
9. h4 b5 10. Nh3 Nb6 11. b3 b4 12. Nd1 a5 13. Nb2 Ba6 14. Bxa6 Rxa6 15. Ke2 Qd7
16. Rag1 Kh8 17. h5 gxh5 18. gxh5 Rg8 19. h6 Bf8 20. Rxg8+ Nxg8 21. Nf2 f5 22.
Qd3 Ra8 23. exf5 Qf7 24. Bxb6 cxb6 25. Ng4 Rc8 26. Nc4 Qc7 27. f6 b5 28. Nce3
Qb6 29. Qf5 Qb7 30. f7 Nxh6 31. Nxh6 Bxh6 32. Rxh6 Qe7 33. Re6 Qf8 34. Qf6+ Qg7
35. Re8+ 1-0

[Event "11.offene Senioren SH 2017"]
[Site "Büsum"]
[Date "2017.09.09"]
[Round "2.73"]
[White "Weck, Uwe"]
[Black "Krneta, Slavko"]
[Result "1/2-1/2"]
[WhiteElo "1591"]
[BlackElo "1810"]
[PlyCount "46"]
[EventDate "2017.??.??"]
[WhiteTeam "SK Kaltenkirchen"]
[BlackTeam "FG Wohlde"]

1. Nf3 c5 2. c4 Nc6 3. Nc3 g6 4. g3 d6 5. Bg2 Bd7 6. O-O Qc8 7. d3 h5 8. h4 Bh3
9. Ne4 Bxg2 10. Kxg2 Qd7 11. Qa4 O-O-O 12. d4 cxd4 13. b4 Ne5 14. Qxa7 Nxf3 15.
Qa8+ Kc7 16. Qa5+ Kb8 17. Kxf3 e5 18. Kg2 Be7 19. b5 Qc7 20. Qxc7+ Kxc7 21. a4
d5 22. Ng5 Bxg5 23. Bxg5 f6 1/2-1/2

[Event "11.offene Senioren SH 2017"]
[Site "Büsum"]
[Date "2017.09.09"]
[Round "2.74"]
[White "Auterhoff, Jürgen"]
[Black "Rudolph, Karl-Heinz"]
[Result "1/2-1/2"]
[WhiteElo "1815"]
[BlackElo "1577"]
[PlyCount "52"]
[EventDate "2017.??.??"]
[WhiteTeam "SC Pasing"]
[BlackTeam "SV Irxleben"]

1. e4 c5 2. Nf3 e6 3. d4 cxd4 4. Nxd4 Nc6 5. a3 a6 6. Be2 Qc7 7. O-O Nf6 8. Nc3
Nxd4 9. Qxd4 Bc5 10. Qd3 O-O 11. b4 Ba7 12. Bb2 Rd8 13. Bf3 Rb8 14. Qe2 b5 15.
e5 Ne8 16. Rad1 d5 17. exd6 Nxd6 18. Qe5 f6 19. Qg3 Qe7 20. Rfe1 Nf5 21. Rxd8+
Qxd8 22. Qf4 e5 23. Qe4 Nd4 24. Rd1 Bf5 25. Qd5+ Qxd5 26. Bxd5+ Kf8 1/2-1/2

[Event "11.offene Senioren SH 2017"]
[Site "Büsum"]
[Date "2017.09.09"]
[Round "2.75"]
[White "Stratmann, Alois"]
[Black "Bade, Heidrun"]
[Result "1/2-1/2"]
[WhiteElo "1580"]
[BlackElo "1815"]
[PlyCount "62"]
[EventDate "2017.??.??"]
[WhiteTeam "SV Ahlen"]
[BlackTeam "USV Potsdam"]

1. c4 Nf6 2. Nc3 e5 3. g3 Bc5 4. Bg2 Nc6 5. Nf3 d6 6. O-O h6 7. a3 e4 8. Ne1
Bf5 9. Nc2 Qd7 10. b4 Bb6 11. Ne3 Bh3 12. Ncd5 Bd4 13. Rb1 Bxg2 14. Nxf6+ Bxf6
15. Kxg2 O-O 16. Bb2 Bxb2 17. Rxb2 Nd4 18. Nc2 Ne6 19. Ne3 Ng5 20. h4 Qh3+ 21.
Kg1 Nh7 22. Ng2 Nf6 23. Nf4 Qd7 24. e3 Qf5 25. Kg2 Qe5 26. Rc2 c6 27. d4 exd3
28. Qxd3 Rfe8 29. Rd2 Ne4 30. Rc2 Nf6 31. Rd1 Rad8 1/2-1/2

[Event "11.offene Senioren SH 2017"]
[Site "Büsum"]
[Date "2017.09.09"]
[Round "2.76"]
[White "Merettig, Georg"]
[Black "Ketelsen, Herbert"]
[Result "1-0"]
[WhiteElo "1814"]
[BlackElo "1565"]
[PlyCount "71"]
[EventDate "2017.??.??"]
[WhiteTeam "SV Caissa Wolfenbüttel"]
[BlackTeam "SK Kaltenkirchen"]

1. Nc3 e6 2. f4 Nf6 3. e4 d6 4. d4 Be7 5. Nf3 b6 6. Bd3 Bb7 7. O-O Nbd7 8. Ng5
c5 9. e5 Nd5 10. Nxd5 Bxg5 11. fxg5 Bxd5 12. c4 Bb7 13. exd6 cxd4 14. Qh5 g6
15. Qh6 Nc5 16. Qg7 Rf8 17. Qxd4 Nxd3 18. Qxd3 Qd7 19. Be3 Rd8 20. Rad1 Qc6 21.
Rf2 f6 22. d7+ Rxd7 23. Qxd7+ Qxd7 24. Rxd7 Kxd7 25. gxf6 Rf7 26. g4 Kd6 27.
Bh6 e5 28. Bd2 Ke6 29. g5 e4 30. Be3 Ke5 31. Rd2 Kf5 32. Rd8 Ke5 33. b4 Kf5 34.
Re8 Kg4 35. b5 Kf3 36. Re7 1-0

[Event "11.offene Senioren SH 2017"]
[Site "Büsum"]
[Date "2017.09.09"]
[Round "2.77"]
[White "Schütt, Günter"]
[Black "Harke, Horst"]
[Result "1-0"]
[WhiteElo "1573"]
[BlackElo "1810"]
[PlyCount "53"]
[EventDate "2017.??.??"]
[WhiteTeam "SV Strand"]
[BlackTeam "SK Varel"]

1. c4 e5 2. Nc3 b6 3. Nf3 Nc6 4. a3 Bb7 5. d4 exd4 6. Nxd4 Nxd4 7. Qxd4 Qf6 8.
Qe3+ Qe7 9. Qg3 d6 10. Nd5 Bxd5 11. cxd5 h6 12. Qc3 Rc8 13. e3 Nf6 14. Bb5+ Kd8
15. Qc6 Nd7 16. b4 Ne5 17. Qc2 g6 18. Bb2 Rh7 19. Rc1 f5 20. O-O h5 21. Rfe1 h4
22. h3 Rf7 23. f4 Nd7 24. e4 Nf6 25. exf5 Qxe1+ 26. Rxe1 Nd7 27. Qc6 1-0

[Event "11.offene Senioren SH 2017"]
[Site "Büsum"]
[Date "2017.09.09"]
[Round "2.78"]
[White "Neumann, Horst"]
[Black "Klose, Hans-Peter"]
[Result "1-0"]
[WhiteElo "1809"]
[BlackElo "1537"]
[PlyCount "73"]
[EventDate "2017.??.??"]
[WhiteTeam "SG Güls/Niederfell"]
[BlackTeam "ESV Göttingen"]

1. d4 Nf6 2. Bg5 d6 3. Nd2 Nbd7 4. e3 h6 5. Bh4 g5 6. Bg3 Bg7 7. Bd3 O-O 8. Ne2
b6 9. c3 a5 10. b3 Ba6 11. c4 Nh5 12. Be4 Rb8 13. Rc1 Bb7 14. d5 Nhf6 15. Bb1
c6 16. e4 cxd5 17. exd5 Qe8 18. O-O Nh5 19. h3 Nxg3 20. Nxg3 e6 21. Re1 Nc5 22.
Nf5 Qd8 23. Nxg7 Kxg7 24. Qc2 Rh8 25. dxe6 Nxe6 26. Rcd1 Qf6 27. Ne4 Bxe4 28.
Rxe4 Rbd8 29. Qd2 Rhe8 30. Qe3 Nc7 31. Qxb6 Rxe4 32. Bxe4 Qe7 33. Qd4+ f6 34.
Bb1 Ne6 35. Qe4 Kh8 36. Re1 Re8 37. Qg6 1-0

[Event "11.offene Senioren SH 2017"]
[Site "Büsum"]
[Date "2017.09.09"]
[Round "2.79"]
[White "Girod, Gudrun"]
[Black "Bordasch, Christian"]
[Result "1/2-1/2"]
[WhiteElo "1546"]
[BlackElo "1805"]
[Annotator "Gemkow,Jan Marten"]
[PlyCount "70"]
[EventDate "2017.??.??"]
[WhiteTeam "Hannover 96"]
[BlackTeam "SK Norderstedt"]

1. d4 Nf6 2. Bf4 d5 3. h3 e6 4. e3 Bd6 5. Bxd6 Qxd6 6. c3 O-O 7. Nf3 b6 8. Be2
c5 9. O-O Nc6 10. Nbd2 Bb7 11. Rc1 c4 12. Qc2 b5 13. e4 dxe4 14. Nxe4 Nxe4 15.
Qxe4 Qd5 16. Qxd5 exd5 17. Nh2 Rad8 18. Bf3 Ne7 19. Rfe1 Ng6 20. g3 Bc8 21. Bg4
Bxg4 22. Nxg4 Rfe8 23. Kf1 f6 24. f4 h5 25. Nf2 h4 26. Kg2 hxg3 27. Kxg3 Kf7
28. Ng4 Ne7 29. Kf3 Nf5 30. a3 Nd6 31. Re3 Rxe3+ 32. Nxe3 Ne4 33. Rc2 Ke6 34.
Rg2 Rd7 35. h4 a5 {Rest nicht rekonstuierbar} 1/2-1/2

[Event "11.offene Senioren SH 2017"]
[Site "Büsum"]
[Date "2017.09.09"]
[Round "2.80"]
[White "Petersen, Günter"]
[Black "Fritsch, Jürgen"]
[Result "1/2-1/2"]
[WhiteElo "1615"]
[BlackElo "1831"]
[PlyCount "54"]
[EventDate "2017.??.??"]
[WhiteTeam "Segeberger SF"]
[BlackTeam "HSK LTu"]

1. e4 e5 2. Nf3 Nc6 3. Bc4 Bc5 4. Nc3 d6 5. d3 Nd4 6. Be3 c6 7. O-O Nf6 8. Bxd4
exd4 9. Na4 O-O 10. Nxc5 dxc5 11. h3 b5 12. Bb3 a5 13. a3 a4 14. Ba2 h6 15. c4
b4 16. axb4 cxb4 17. Bb3 a3 18. bxa3 bxa3 19. Qc1 Qb6 20. Rxa3 Rxa3 21. Qxa3 c5
22. Rb1 Nd7 23. Bc2 Qd6 24. Ba4 f6 25. Bxd7 Bxd7 26. Qa5 Rc8 27. Rb6 Qf4
1/2-1/2

[Event "11.offene Senioren SH 2017"]
[Site "Büsum"]
[Date "2017.09.09"]
[Round "2.81"]
[White "Van Houten, Henk"]
[Black "Reichwald, Klaus"]
[Result "1/2-1/2"]
[WhiteElo "1645"]
[BlackElo "1834"]
[PlyCount "43"]
[EventDate "2017.??.??"]
[WhiteTeam "SC Gronau"]
[BlackTeam "SC Lohhof"]

1. b3 e5 2. Bb2 Nc6 3. a3 d5 4. d3 Nf6 5. Nd2 Bd6 6. g3 O-O 7. Bg2 Re8 8. e4 d4
9. h3 Be6 10. Ngf3 h6 11. Nc4 Qd7 12. Nxd6 cxd6 13. Bc1 d5 14. Nd2 Rad8 15. f3
dxe4 16. fxe4 Rc8 17. Nf3 Qc7 18. O-O Ne7 19. Ne1 Ng6 20. Bxh6 gxh6 21. Rxf6
Kg7 22. Rf2 1/2-1/2

[Event "11.offene Senioren SH 2017"]
[Site "Büsum"]
[Date "2017.09.09"]
[Round "2.82"]
[White "Brandt, Fred"]
[Black "Deak-Willimsky, Emanuela"]
[Result "1-0"]
[WhiteElo "1805"]
[BlackElo "1502"]
[PlyCount "64"]
[EventDate "2017.??.??"]
[WhiteTeam "Königsjäger Süd-West"]
[BlackTeam "SF Furtwangen-Vöhrenbach"]

1. d4 Nf6 2. Nf3 d5 3. e3 e6 4. Bd3 Be7 5. Nbd2 O-O 6. O-O Nbd7 7. e4 dxe4 8.
Nxe4 c5 9. c3 Re8 10. Be3 Qc7 11. h3 c4 12. Bc2 b5 13. a3 Bb7 14. Nxf6+ Nxf6
15. Ne5 Nd5 16. Qd2 f6 17. Nf3 Rf8 18. Qe2 Bd6 19. Bd2 Rae8 20. Be4 e5 21. dxe5
Bxe5 22. Bxd5+ Bxd5 23. Nxe5 Rxe5 24. Qg4 Re4 25. Qf5 Qb7 26. Be3 Re5 27. Qg4
Re4 28. Qg3 f5 29. Bf4 Rfe8 30. Be3 f4 31. Bxf4 R4e6 32. f3 Rg6 1-0

[Event "11.offene Senioren SH 2017"]
[Site "Büsum"]
[Date "2017.09.09"]
[Round "2.83"]
[White "Schumacher, Ursula"]
[Black "Schmieder, Wolfgang Ernst"]
[Result "0-1"]
[WhiteElo "1519"]
[BlackElo "1800"]
[PlyCount "48"]
[EventDate "2017.??.??"]
[WhiteTeam "HTC Bad Neuenahr"]
[BlackTeam "Kasseler SK"]

1. c4 g6 2. Nc3 Bg7 3. d4 b6 4. Nf3 Bb7 5. e4 a5 6. a4 Na6 7. g3 d6 8. Be3 Nf6
9. Bd3 Nb4 10. Bb1 Ng4 11. O-O Qd7 12. Kg2 h5 13. h3 Nxe3+ 14. fxe3 Bh6 15. Qe2
O-O-O 16. d5 Kb8 17. Nd4 e5 18. Nc2 Na6 19. Rf6 Bg7 20. Rf2 Bc8 21. g4 hxg4 22.
hxg4 Qe7 23. Ba2 Qh4 24. Rg1 Qh3# 0-1

[Event "11.offene Senioren SH 2017"]
[Site "Büsum"]
[Date "2017.09.09"]
[Round "2.84"]
[White "Wagner, Ingolf"]
[Black "Howe, Dietrich"]
[Result "1-0"]
[WhiteElo "1799"]
[BlackElo "1471"]
[PlyCount "97"]
[EventDate "2017.??.??"]
[WhiteTeam "Gnoiener SV"]
[BlackTeam "SK Kaltenkirchen"]

1. d4 Nf6 2. Nf3 d5 3. c4 c5 4. e3 e6 5. Nc3 a6 6. dxc5 Bxc5 7. a3 Nc6 8. b4
Be7 9. Bb2 O-O 10. Qb3 dxc4 11. Bxc4 b5 12. Be2 Qc7 13. Rc1 Bb7 14. O-O Rad8
15. Na2 Qb8 16. a4 bxa4 17. Qxa4 Nd5 18. Rxc6 Bxc6 19. Qxc6 Nxb4 20. Nxb4 Qxb4
21. Bd4 a5 22. Ra1 Ra8 23. Bc3 Qb3 24. Rxa5 Rxa5 25. Bxa5 Qb1+ 26. Bf1 Rb8 27.
Qd7 Bf6 28. Bc7 Ra8 29. Be5 h6 30. Bxf6 gxf6 31. Qd3 Ra1 32. Qxb1 Rxb1 33. g3
Kg7 34. Kg2 f5 35. Nd4 Kf6 36. f4 Rb2+ 37. Ne2 e5 38. fxe5+ Kxe5 39. Kf3 f6 40.
h4 h5 41. Bh3 Rb4 42. Nf4 Rb1 43. Nxh5 Rh1 44. Bg2 Rh2 45. Kf2 Ke6 46. Kg1
Rxg2+ 47. Kxg2 Ke5 48. Kf3 Ke6 49. Kf4 1-0